• 首页
  • 本馆介绍
  • 公告通知
  • 最新文献
  • 馆藏检索
  • 电子资源
  • 读者导购
  • 参考咨询
  • 我的图书馆
  • 登录
  • 详细信息显示
  • 放入我的书架
  • 预约/预借图书
  • 作者相关作品
  • 分类相关作品
  • 丛书相关作品
  • 出版社相关作品

书目信息

  • 表格格式
  • 工作单格式
  • 卡片格式
题名:
胡适谈读书
    
 
作者: 胡适 著
分册:  
出版信息: 南昌   百花洲文艺出版社  2016.06
页数: 251页
开本: 23cm
丛书名: 大家讲谈
单 册:
中图分类: G792-53
科图分类:
主题词: 读书方法--文集
电子资源:
ISBN: 978-7-5500-1623-1
000 00933oam2 2200265 450
001 0120161867299
005 20161026083505.18
010    @a978-7-5500-1623-1@dCNY29.00
100    @a20160620d2016 em y0chiy50 ea
101 0  @achi
102    @aCN@b360000
105    @aa z 000yy
106    @ar
200 1  @a胡适谈读书@9hu shi tan du shu@f胡适著
210    @a南昌@c百花洲文艺出版社@d2016.06
215    @a251页@c图,照片@d23cm
225 2  @a大家讲谈
330    @a现代著名学者胡适终身积累了丰富的读书治学经验,并对此问题颇有研究。他关于如何读书,如何选书,如何做学问的不少精辟见解,值得今人学习、借鉴。本书收入胡适关于读书治学的文章、演讲稿二十多篇,力求全面、准确反映反映胡适的读书治学观点和方法。
333    @a大众读者
461  0 @12001 @a大家讲谈
606 0  @a读书方法@j文集
690    @aG792-53@v5
701  0 @a胡适@9hu shi@f(1891-1962)@4著
801  0 @aCN@b人天书店@c20160620
905    @b882050-55@dG792-53@e515@f6
    
    胡适谈读书/胡适著.-南昌:百花洲文艺出版社,2016.06
    251页:图,照片;23cm.-(大家讲谈)
    使用对象:大众读者
    
    ISBN 978-7-5500-1623-1:CNY29.00
    现代著名学者胡适终身积累了丰富的读书治学经验,并对此问题颇有研究。他关于如何读书,如何选书,如何做学问的不少精辟见解,值得今人学习、借鉴。本书收入胡适关于读书治学的文章、演讲稿二十多篇,力求全面、准确反映反映胡适的读书治学观点和方法。
●
相关链接 在E读中查询图书 在五车中查询图书 在当当中查询图书 在豆瓣中查询图书


正题名:胡适谈读书     索取号:G792-53/515         预约/预借

序号 登录号 条形码 馆藏地/架位号 状态 备注
1 882050   208820506   第一样本阅览室/ [索取号:G792-53/515] 在馆    
2 882051   208820515   教育系资料室/ [索取号:G792-53/515] 在馆    
3 882052   208820524   教育系资料室/ [索取号:G792-53/515] 在馆    
4 882053   208820533   教育系资料室/ [索取号:G792-53/515] 在馆    
5 882054   208820542   第四借阅区/ [索取号:G792-53/515] 在馆    
6 882055   208820551   第四借阅区/ [索取号:G792-53/515] 在馆    
唐山师范学院图书馆 欢迎您!
大连网信软件有限公司© 版权所有